000 01044nas a2200349 4500
001 BR2011000251
003 BR-BrBNA
005 20231205114405.0
007 ta
008 230509b bl.|||p| |||| 00| 00por d
040 _aBR-BrBNA
_bpor
_cBiblioteca Nacional de Agricultura
041 _a(Pt)
072 _aF61; F04; F06
100 1 _aBarbosa, M.S.
100 1 _aBarbosa, J.G.
100 1 _aMartinez, H.E.P.
100 1 _aGrossi, J.A.S.
100 1 _aPontes, T.M.
100 1 _aRubim, M.R.
100 1 _aGamba, O.S.
245 1 _aConcentração de nutrientes em crisântemos de vaso, cultivados sob fertirrigação, em resposta a doses de cálcio
650 _aCRISÂNTEMO
650 _aNUTRIENTE MINERAL
650 _aFOLHA
650 _aFERTIRRIGAÇÃO
650 _aCÁLCIO
650 _aSOLUÇÃO NUTRITIVA
650 _aNUTRIÇÃO VEGETAL
773 0 _tMagistra (Brazil)
_xISSN 0102-5333
_g(Jul-Set 2008), v. 20(3) p. 273-279
_wBR2011000251
909 _a202311
_bLúcia
_c55
_dLúcia Elande
942 _2AGRIS
_n0
_cANA
999 _c208553
_d208553